• 首页
  • 本馆介绍
  • 公告通知
  • 最新文献
  • 馆藏检索
  • 电子资源
  • 读者导购
  • 参考咨询
  • 我的图书馆
  • 登录
  • 详细信息显示
  • 放入我的书架
  • 预约/预借图书
  • 作者相关作品
  • 分类相关作品
  • 丛书相关作品
  • 出版社相关作品

书目信息

  • 表格格式
  • 工作单格式
  • 卡片格式
题名:
外国古建筑二十讲
    
 
作者: 陈志华 著
分册:  
出版信息: 北京   生活·读书·新知三联书店  2001
页数: 348页
开本: 22cm
丛书名:
单 册:
中图分类: TU-091.1
科图分类:
主题词: 古建筑--简介--外国
电子资源:
ISBN: 7-108-01633-8
000 00596nam0 2200205 45
001 0406010877
005 20040601085454.7
010    @a7-108-01633-8@dCNY69.00
100    @a20040601d2001 km y0chiy0120 ea
101 0  @achi
105    @aa z 000yy
200 1  @a外国古建筑二十讲@AWai Guo Gu Jian Zhu Er Shi Jiang@f陈志华著@FChen ZhiHua Zhu
210    @a北京@c生活·读书·新知三联书店@d2001
215    @a348页@c图@d22cm
300    @a插图珍藏本
606 0  @a古建筑@x简介@y外国
690    @aTU-091.1@v4
701  0 @a陈志华@4著
801    @aCN@bTSTC@c20040601
905    @b334038-040@dTU-091.1@e30@f3
    
    外国古建筑二十讲/陈志华著.-北京:生活·读书·新知三联书店,2001
    348页:图;22cm
    插图珍藏本
    
    ISBN 7-108-01633-8:CNY69.00
    
●
相关链接 在E读中查询图书 在五车中查询图书 在当当中查询图书 在豆瓣中查询图书


正题名:外国古建筑二十讲     索取号:TU-091.1/30         预约/预借

序号 登录号 条形码 馆藏地/架位号 状态 备注
1 0334038   203340385   第三借阅区/ [索取号:TU-091.1/30] 在馆    
2 0334039   203340394   第三借阅区/ [索取号:TU-091.1/30] 已借出,限还日期为2006.10.19
借出人:邢志勤  
 
3 0334040   203340401   第二样本阅览室/ [索取号:TU-091.1/30] 在馆    
唐山师范学院图书馆 欢迎您!
大连网信软件有限公司© 版权所有